00633 2200241 4500001002100000005001700021008004100038020001800079035002400097082001200121090001900133100002400152245005800176250001100234260002600245300001900271500003100290650001900321850001500340980001500355985000600370999001500376YOGYA-0209000002279020090227023716.0 ind  a979-450-267-7 0010-020900000022790 a342.082 a342.082bSya M aSYAHRIFUL, Abdullah aMemperkenalkan hukum keimigrasiancAbdullah Syahriful aCet. 1 aJakartabGhaliac1993 a127 hlmc21 cm aBibliografi : hlm. 126-127 aHukum Imigrasi aYOPDYOG(B) a01-28-2007 a1 a06A0021845